000 00436nam a2200205Ia 4500
001 12719
003 GE_BSU
008 181216s||||||||xx |||||||||||||| ||und||
020 _a9780340767498
040 _cGE_BSU
080 _a821.111-312.4
100 _aDeaver,Jeffery
245 4 _aThe Empty Chair
260 _aLondon
260 _bHodder
260 _c2006
300 _a481p.18cm.
653 _aThe Empty Chair
942 _cBK
999 _c45890
_d45890